00461nam a2200157Ia 4500008004100000020001400041082001600055100002000071245006900091250000700160260004600167300002900213500001900242600002700261650001500288240925s9999 xx 000 0 und d a442003471 a621.381 KOL aKolyer ,John M. 0aESD from A to Z: electrostate discharge controls for electronics aNA aWokingham:bVan Nostrand Reinholdc,1990. axvii,666p.bNAfOriginal aIncludes Index aElectronic Engineering aTechnology